Central Library OPAC University of Rajshahi

Mechanism of action of antieukaryotic and antiviral compounds / (Record no. 10845)

MARC details
000 -LEADER
fixed length control field 01021cam a2200301 i 4500
001 - CONTROL NUMBER
control field 10845
003 - CONTROL NUMBER IDENTIFIER
rucl marc code BD-RjUL
005 - DATE AND TIME OF LATEST TRANSACTION
control field 20211208235027.0
008 - FIXED-LENGTH DATA ELEMENTS--GENERAL INFORMATION
fixed length control field 140125s1979 gw a b 001 0 eng d
020 ## - INTERNATIONAL STANDARD BOOK NUMBER
International Standard Book Number 0387093966
035 ## - SYSTEM CONTROL NUMBER
System control number (BD-RjUL)10894
040 ## - CATALOGING SOURCE
Original cataloging agency DLC
Transcribing agency DLC
Modifying agency DLC
-- BD-RjUL
Language of cataloging eng
041 ## - LANGUAGE CODE
Language code of text/sound track or separate title eng
082 00 - DEWEY DECIMAL CLASSIFICATION NUMBER
Classification number 615.329
Author mark and year MEC 1979
245 00 - TITLE STATEMENT
Title Mechanism of action of antieukaryotic and antiviral compounds /
Statement of responsibility, etc. edited by Fred E. Hahn.
Number of part/section of a work v-2
260 ## - PUBLICATION, DISTRIBUTION, ETC. (IMPRINT)
Place of publication, distribution, etc. Berlin ;
-- New York :
Name of publisher, distributor, etc. Springer-Verlag,
Date of publication, distribution, etc. c1979.
300 ## - PHYSICAL DESCRIPTION
Pagination xiii, 470 p. :
Illustrations ill. ;
Size 24 cm.
504 ## - BIBLIOGRAPHY, ETC. NOTE
Bibliography, etc Includes bibliographies and index.
650 #0 - SUBJECT ADDED ENTRY--TOPICAL TERM
Topical term or geographic name as entry element Antibiotics
General subdivision Mechanism of action.
9 (RLIN) 33524
Topical term or geographic name as entry element Antiviral agents
General subdivision Mechanism of action.
9 (RLIN) 33525
Topical term or geographic name as entry element Eukaryotic cells
General subdivision Drug effects.
9 (RLIN) 33526
700 1# - ADDED ENTRY--PERSONAL NAME
Personal name Hahn, F. E.
Fuller form of name (Fred Ernest),
Dates associated with a name 1916-
942 ## - ADDED ENTRY ELEMENTS (KOHA)
Source of classification or shelving scheme Dewey Decimal Classification
Koha item type Books
Holdings
Lost status Source of classification or shelving scheme Materials specified (bound volume or other part) Damaged status Not for loan Collection code Permanent Location Current Location Shelving location Date acquired Source of acquisition Cost, normal purchase price Total Checkouts Full call number Date last seen Copy number Koha item type
  Dewey Decimal Classification V-2   Not For Loan Non-fiction Central Library, University of Rajshahi Central Library, University of Rajshahi Reading Room 08/07/1985 Tulip ent. 5123.00   615.329 MEC 1979 25/01/2014 C-1 Books